| Tag |
First Indicator |
Second Indicator |
Subfields |
| LEADER |
00000pam a2200000 a 4500 |
| 001 |
in00000406331 |
| 005 |
20151012052527.0 |
| 008 |
831212s1984 txua b s00110 eng |
| 010 |
|
|
|a 83016685
|
| 020 |
|
|
|a 0292710909 :
|c $22.50
|
| 020 |
|
|
|a 0292710917 (pbk.) :
|c $8.95
|
| 035 |
|
|
|a (OCoLC)10277191
|
| 035 |
|
|
|9 ABU0821AM
|
| 039 |
0 |
|
|a 2
|b 3
|c 3
|d 3
|e 3
|
| 040 |
|
|
|a DLC
|c DLC
|d TXA
|d UtOrBLW
|
| 043 |
|
|
|a s-bl---
|
| 049 |
|
|
|a TXAM
|c [A09246082]
|
| 050 |
0 |
0 |
|a PN1993.5.B6
|b J62 1984
|
| 082 |
0 |
|
|a 791.43/75/0981
|2 19
|
| 100 |
1 |
|
|a Johnson, Randal,
|d 1948-
|
| 245 |
1 |
0 |
|a Cinema novo x 5 :
|b masters of contemporary Brazilian film /
|c by Randal Johnson.
|
| 250 |
|
|
|a 1st ed.
|
| 264 |
|
1 |
|a Austin, Tex. :
|b University of Texas Press,
|c 1984.
|
| 300 |
|
|
|a xiii, 246 pages :
|b illustrations ;
|c 24 cm.
|
| 336 |
|
|
|a text
|b txt
|2 rdacontent
|
| 337 |
|
|
|a unmediated
|b n
|2 rdamedia
|
| 338 |
|
|
|a volume
|b nc
|2 rdacarrier
|
| 490 |
1 |
|
|a Latin American monographs / Institute of Latin American Studies, The University of Texas at Austin ;
|v no. 60
|
| 500 |
|
|
|a Includes index.
|
| 504 |
|
|
|a Bibliography: pages [225]-233.
|
| 504 |
|
|
|a Filmography: pages [234]-236.
|
| 650 |
|
0 |
|a Motion pictures
|z Brazil.
|
| 650 |
|
0 |
|a Motion picture plays
|x History and criticism.
|
| 740 |
0 |
|
|a Cinema novo times five.
|
| 830 |
|
0 |
|a Latin American monographs (University of Texas at Austin. Institute of Latin American Studies) ;
|v no. 60.
|
| 999 |
|
|
|a MARS
|
| 999 |
f |
f |
|s 0ee380b0-85ea-373b-b327-10116e024c7f
|i 65bf5fa9-1392-3409-af55-7a5d2574c8a4
|t 0
|
| 952 |
f |
f |
|p ric
|a Texas A&M University
|b Rellis Campus
|c Joint Library Facility
|d Remote Storage
|t 0
|e PN1993.5.B6 J62 1984
|h Library of Congress classification
|i unmediated -- volume
|m A14809246082
|
| 998 |
f |
f |
|a PN1993.5.B6 J62 1984
|t 0
|l Remote Storage
|